[Event "Moscow Tal Memorial 2nd"]
[Site "Moscow"]
[Date "2007.11.12"]
[Round "3"]
[White "Alekseev, Evgeny V"]
[Black "Gelfand, Boris"]
[Result "1/2-1/2"]
[WhiteElo "2716"]
[BlackElo "2736"]
[Annotator "Krasenkow,M"]
[PlyCount "47"]
[EventDate "2007.11.10"]
[EventType "tourn"]
[EventRounds "9"]
[EventCountry "RUS"]
[EventCategory "20"]
[SourceTitle "CBM 122"]
[Source "ChessBase"]
[SourceDate "2008.01.30"]
[SourceVersion "1"]
[SourceVersionDate "2008.01.30"]
[SourceQuality "1"]

1. d4 Nf6 2. c4 e6 3. Nf3 d5 4. Nc3 c6 5. Bg5 h6 6. Bxf6 Qxf6 7. Qc2 dxc4 {
Quite a decent alternative to the main line} (7... Nd7) {Recapturing the
sacrificed pawn will require some precious time from White.} 8. e3 b5 9. a4 Bb7
10. axb5 cxb5 11. Nxb5 Bb4+ 12. Nc3 O-O 13. Be2 Nd7 14. O-O e5 {Black has
successfully developed his pieces and now starts attacking White's centre.} (
14... Rfc8 {is also played.}) 15. Qa4 $146 {This novelty is not very dangerous.
} (15. dxe5 Nxe5 16. Nxe5 Qxe5 17. Bxc4 {is the main continuation. White wins
a pawn but Black obtains sufficient counterplay due to his strong bishop pair:}
Rac8 ({or} 17... a5 18. Rfd1 Rac8 19. Qb3 Bxc3 20. bxc3 Bxg2 21. Kxg2 Qe4+ 22.
f3 Qxc4 23. Qxc4 Rxc4 24. Rxa5 Rxc3 25. e4 {1/2-1/2 Gustafsson,J-Pavasovic,D/
Bled 1999/CBM 069 ext}) 18. Qb3 (18. Be2 Bxc3 19. bxc3 Rxc3 20. Qb2 Rxe3 21.
Qxb7 Rxe2 22. Qxa7 {1/2-1/2 Guseinov,A-Sveshnikov,E/Volgodonsk 1983/MCD}) 18...
Bxg2 (18... Bxc3 $143 19. Qxb7) 19. Bxf7+ (19. Qxb4 Qg5 $132) 19... Rxf7 20.
Rxa7 Rcf8 $5 (20... Bxf1 21. Qxf7+ Kh7 22. Kxf1 Bxc3 23. bxc3 (23. Qd7 Bd4 $1
24. Qxd4 Rc1+ 25. Kg2 Qg5+ 26. Kf3 Qf5+ 27. Qf4 Qh3+ 28. Qg3 Qf5+ 29. Kg2 Qd5+
30. Kh3 Qh5+ 31. Kg2 Qd5+ {1/2-1/2 Lautier,J-Illescas Cordoba,M/Chalkidiki
1992/CBM 032/[Ftacnik]}) 23... Rxc3 24. Re7 Qb5+ 25. Kg2 Qg5+ 26. Kh3 Rc6 27.
Re8 Rf6 28. Qg8+ Kg6 29. f4 Qb5 30. Kg3 Qa5 31. Kh3 Qh5+ 32. Kg3 Qa5 33. Qc4
Qe1+ 34. Kh3 Qf2 35. Qe4+ Kh5 36. Re5+ g5 37. f5 Qf1+ 38. Kg3 Qe1+ 39. Kh3 Qf1+
40. Qg2 Rxf5 41. Qxf1 Rxf1 42. Kg2 Rf6 43. Kg3 {1/2-1/2 Lempert,I-Edzgveradze,
N/Yerevan 1996/CBM 052 ext}) 21. Kxg2 Bd6 22. f4 Qxe3 23. Rxf7 Rxf7 24. Qc4
Bxf4 25. Nd5 Qe6 26. Rxf4 Rxf4 27. Ne7+ Kf7 28. Qxf4+ Kxe7 $11 {1/2-1/2
Noronha,L-Schauer,J/ICCF Email 2000/ICCF tele 9/2002 (37)}) (15. Rfd1 {
deserves more attention. The following game ended in a draw but an improvement
for White is quite possible:} exd4 16. Rxd4 Nb6 17. Nd2 (17. Rf4 $5 {[%cal
Yf3d4]}) 17... a5 18. Nxc4 Nxc4 19. Rxc4 (19. Bxc4 $5 {[%cal Yc3d5]}) 19...
Rac8 20. Rd1 Qg5 21. Ne4 (21. Nd5 $5) 21... Rxc4 22. Bxc4 Qf5 23. f3 Bxe4 24.
Qxe4 Qxe4 25. fxe4 Re8 26. Bd5 Kf8 27. Kf2 Ke7 28. Rc1 Bd6 {1/2-1/2 Kroll,
O-Rasmussen,K/Denmark 1993/EXT 2000 (41)}) 15... Qe7 16. Qb5 (16. dxe5 Bxc3 17.
bxc3 Nxe5 18. Nxe5 Qxe5 {leads to a probable draw.}) 16... exd4 17. Nxd4 Nb6
18. Bf3 {Black's b7 bishop is strong but after this exchange White has too
little material to play for a win.} Bxf3 19. Nxf3 Qc5 20. Ra6 Rfb8 21. Nd4 Qxb5
22. Ncxb5 Rb7 23. g3 Nd7 24. Rc1 ({After} 24. Rc1 Ne5 $1 {Black is not worse.})
1/2-1/2

[Event "WchT 7th"]
[Site "Bursa"]
[Date "2010.01.05"]
[Round "1.3"]
[White "Mamedyarov, Shakhriyar"]
[Black "Pashikian, Arman"]
[Result "1-0"]
[WhiteElo "2741"]
[BlackElo "2647"]
[Annotator "Krasenkow,M"]
[PlyCount "63"]
[EventDate "2010.01.05"]
[EventType "team-tourn"]
[EventRounds "9"]
[EventCountry "TUR"]
[SourceTitle "CBM 134"]
[Source "ChessBase"]
[SourceDate "2010.01.18"]
[SourceVersion "1"]
[SourceVersionDate "2010.01.18"]
[SourceQuality "1"]
[WhiteTeam "Azerbaijan"]
[BlackTeam "Armenia"]
[WhiteTeamCountry "AZE"]
[BlackTeamCountry "ARM"]

1. d4 d5 2. c4 c6 3. Nc3 Nf6 4. Nf3 e6 5. Bg5 h6 6. Bh4 dxc4 7. e4 g5 8. Bg3 b5
9. Be2 Bb7 10. O-O Nbd7 11. Ne5 Bg7 12. Qc2 {A rare move. White completes his
development before starting an attack.} (12. Nxd7) (12. f4) ({and Topalov's} 
12. Nxf7 {are more popular.}) 12... O-O (12... a6 $6 13. Rad1 O-O 14. f4 Nxe5
15. dxe5 Nd7 16. f5 Re8 $6 (16... Qb6+ $5 17. Kh1 Rfd8) 17. Bh5 exf5 18. exf5
Bxe5 19. f6 Qb6+ 20. Kh1 Nf8 21. Bxf7+ $1 Kxf7 22. Rd7+ $1 Nxd7 23. Qh7+ Ke6
24. Qf5+ Kd6 25. Rd1+ Kc5 26. a3 {1-0 Horvath,P (2458)-Todorovic,G (2457)/
Budapest 2003/CBM 093 ext}) (12... Qb6 13. Rad1 O-O 14. b3 cxb3 15. Qxb3 a6 16.
a4 Rfd8 17. f4 c5 18. fxg5 cxd4 19. gxf6 Nxf6 20. Bf2 Qc5 21. Nxf7 Kxf7 22. Nd5
Bxd5 23. exd5 Qxd5 24. Qb2 $44 {1/2 Rossello Padron,C-Udvari,N/LSS 2007/
Telechess CBM 129 (66)}) (12... Nxe5 $5 13. Bxe5 O-O 14. Rad1 Nd7 $5 (14... Qe7
15. Bg3 $6 (15. b3) (15. f4) 15... Nd7 16. Rfe1 Rad8 $13 {1/2 Lopez Martinez,J
(2505)-Perez Candelario,M (2522)/Lorca 2005/CBM 111 (36)}) 15. Bd6 Qb6 16. Bxf8
Nxf8 17. d5 cxd5 18. exd5 Bxc3 19. Qxc3 $6 (19. bxc3 $13) 19... exd5 $15 {
0-1 Porper,E (2492)-Kotanjian,T (2560)/Dresden 2007/CBM 118 (45)}) 13. Rad1 Qe7
14. h4 Rad8 15. hxg5 hxg5 16. Rfe1 a6 17. Qc1 Nxe5 18. Bxe5 Nh7 19. Bxg7 Kxg7
20. Bg4 c5 $5 {A typical break in the centre. The other option was to improve
the position of pieces first:} (20... Rh8 {[%cal Yh7f8,Yf8g6]}) 21. d5 $1 Qf6
22. e5 Qh6 $4 {[%mdl 16384] This voluntary exile of the queen means a
positional capitulation.} (22... Qf4 $1 {, exchanging the queens, was a must.
In the endgame Black's queenside pawn avalanche can be dangerous:} 23. Qxf4
gxf4 24. dxe6 fxe6 25. Bxe6 Ng5 $132) 23. dxe6 fxe6 $6 (23... Qh4 $142 24. f3
fxe6 25. Qe3 Rd4 $1 26. Ne2 Rxg4 27. fxg4 Bd5 $16) 24. Qe3 {[%csl Rc5]} Qh4 25.
Bxe6 $18 Rd4 26. Ne2 Rfd8 27. Nxd4 cxd4 28. Qa3 g4 29. Qc5 Ng5 30. Qe7+ Kh6 31.
Qf6+ Kh5 32. Bf7+ 1-0

[Event "RUS-ch Superfinal"]
[Site "Moscow"]
[Date "2006.12.06"]
[Round "4"]
[White "Alekseev, Evgeny V"]
[Black "Vitiugov, Nikita"]
[Result "1-0"]
[WhiteElo "2639"]
[BlackElo "2596"]
[Annotator "Krasenkow,M"]
[PlyCount "105"]
[EventDate "2006.12.03"]
[EventType "tourn"]
[EventRounds "11"]
[EventCountry "RUS"]
[EventCategory "15"]
[SourceTitle "CBM 116"]
[Source "ChessBase"]
[SourceDate "2007.02.01"]
[SourceVersion "1"]
[SourceVersionDate "2007.02.01"]
[SourceQuality "1"]

1. d4 Nf6 2. c4 e6 3. Nf3 d5 4. Nc3 c6 5. Bg5 h6 6. Bxf6 Qxf6 7. e3 Nd7 8. Bd3
dxc4 9. Bxc4 g6 10. O-O Qe7 11. e4 Bg7 12. e5 O-O 13. Re1 Rd8 14. Bd3 {A
tricky move.} ({If} 14. Qe2 {then} b5 $1 15. Bd3 b4 16. Na4 c5 17. Nxc5 Nxc5
18. dxc5 Qxc5 19. h4 Bb7 20. Be4 Bxe4 21. Qxe4 Rac8 22. Re2 Rd5 23. Rae1 Qa5
24. Qf4 Qxa2 25. Qxb4 Qc4 26. Qxc4 Rxc4 27. Re4 Rc2 28. R1e2 Rc1+ 29. Kh2 Bf8 {
1/2-1/2 Riazantsev,A-Dobrov,V/St Petersburg 2003/EXT 2004 (44)}) ({Meanwhile,
to} 14. Qc2 {Black plays} b6 $1 (14... b5 {is not good anymore:} 15. Bd3 Bb7 (
15... b4 $2 16. Ne4 $16) 16. Be4 Rab8 17. Rad1 a6 18. h4 c5 19. Bxb7 Rxb7 20.
d5 Nf8 $6 21. d6 Qe8 22. Ne4 $16 {1-0 Zakharevich,I-Novikov,M/St Petersburg
2003/EXT 2004 (38)}) 15. Rad1 Bb7 16. a3 Rac8 17. Ba2 Nf8 18. Qe2 (18. h4 $142
Rc7 19. Rd2 Rcd7 20. Red1 $11 {Dautov}) 18... Rc7 19. Rd2 Rcd7 20. Red1 g5 21.
h3 Ng6 $15 {0-1 Dautov,R-Slobodjan,R/Germany 1997/GER-chT/[Dautov] (41)}) 14...
b6 ({And now to} 14... b5 {White plays} 15. Qc2 {transposing to the 14.Qc2
b5?! line} ({but not} 15. Be4 $2 Nxe5)) (14... Nb6 {is not good either after}
15. Ne4 Nd5 16. Rc1 {1-0 Sellos,D-Collard,O/France 1994/EXT 99 (35)}) 15. Qe2 {
[%cal Ya1d1,Yd3a6,Yh2h4]} Rb8 (15... Bb7 16. Ba6 $5 {[%csl Rc6]} (16. Be4)) (
15... a5 16. Rac1 Bb7 17. Be4 Rab8 (17... Ba6 18. Qe3 Rac8 19. h4 $16 {
Beliavsky Alexander G-Pavasovic Dusko/Krsko (m/1) 1997/[Beliavsky,A]}) 18. h4
Rdc8 19. g3 Ba8 20. Rcd1 Rd8 21. Qe3 Rbc8 22. Qf4 (22. h5 $142) 22... b5 23.
Qe3 Nb6 24. h5 g5 25. Rc1 Bb7 {1/2-1/2 Beliavsky,A-Ehlvest,J/Novosibirsk 1995/
CBM 050}) (15... a6 16. Be4 Bb7 17. Rac1 Rdb8 18. Qe3 c5 $6 19. d5 Nxe5 20.
Nxe5 Bxe5 21. dxe6 Bxe4 22. Qxe4 Bxc3 23. Rxc3 Qxe6 24. Qxe6 fxe6 25. Rxe6 Re8
26. Rce3 Rxe6 27. Rxe6 Rd8 28. g3 Kg7 29. Rxb6 Rd2 30. a4 $16 {1-0 Shimanov,
A-Yagupov,I/St-Petersburg RUS 2006/The Week in Chess 625 (43)}) 16. Rad1 ({
Even here} 16. Ba6 {deserved attention.}) 16... Bb7 17. Be4 Nf8 {The other,
more active plan is apparently more appropriate here:} (17... b5 18. h4 Nb6 19.
Rc1 (19. h5 $5) 19... a6 20. Nb1 Rdc8 21. Qe3 Nc4 22. Qc3 c5 23. dxc5 Bxe4 24.
Rxe4 Qxc5 25. b3 Nd6 $1 $11 {1-0 Lputian,S-Yevseev,D/Sochi 2006/CBM 111 ext 
(43)}) 18. h4 Rd7 19. Rd2 c5 20. dxc5 (20. Bxb7 cxd4 (20... Rbxb7 21. d5 exd5
22. Nxd5 Qe6 23. Red1 $14) 21. Nxd4 Rbxb7 22. Qe4 $14) 20... Qxc5 21. Bxb7
Rbxb7 22. Ne4 Rxd2 23. Qxd2 Qe7 $6 {Underestimating the danger Black faces in
the middlegame.} (23... Qd5 24. Qxd5 exd5 {gave Black better chances to
equalize.}) 24. g4 $1 {[%cal Yg4g5,Ye4f6][%mdl 32]} f5 $6 {A positional
capitulation but Black had serious problems after} (24... Nd7 25. Qd4 Nc5 26.
Nf6+ Bxf6 27. exf6 Qd7 28. Qe3 {, too}) 25. exf6 Bxf6 26. Nxf6+ Qxf6 27. Kg2
$16 Kh7 (27... h5 $5) 28. Ne5 $1 {[%csl Ge5]} Qxh4 (28... Rc7 $142) 29. Rh1 Qf6
30. Qxh6+ Kg8 31. Qe3 Rh7 32. Rc1 {White should try to exchange queens and not
rooks but alas, Black forces the latter.} Qh4 33. Kf3 Qd8 34. Ke2 Rc7 35. Rxc7
Qxc7 {[%mdl 4096]} 36. Qc3 $1 {Still, the exchange of queens is White's
imperative. Black must avoid it making further concessions, up to material
losses.} Qb7 (36... Qxc3 37. bxc3 g5 38. Kd3 Kg7 39. Kd4 Nh7 40. c4 Nf6 41. f3
{[%cal Yc4c5]}) 37. Ke3 Qe7 38. b4 g5 39. b5 Kh7 40. a4 Kg8 41. Nc6 Qf7 42. Qe5
Ng6 43. Qxg5 Kh7 44. Ne5 Nxe5 45. Qxe5 Qe7 46. Kf4 Qf8+ 47. Kg3 Qe7 48. Qe4+
Kg7 49. f4 Qd7 50. Kh4 Qd8+ 51. g5 Qd7 52. Qe5+ Kg8 53. g6 1-0

[Event "Khodzhaev Memorial"]
[Site "Tashkent"]
[Date "1982.??.??"]
[Round "?"]
[White "Timoscenko, Gennadij A"]
[Black "Antoshin, Vladimir S"]
[Result "1-0"]
[WhiteElo "2495"]
[BlackElo "2360"]
[Annotator "Laios,S"]
[PlyCount "89"]
[EventDate "1982.11.??"]
[EventType "tourn"]
[EventRounds "15"]
[EventCountry "UZB"]
[SourceTitle "EXT 2009"]
[Source "ChessBase"]
[SourceDate "2008.11.26"]
[SourceVersion "1"]
[SourceVersionDate "2008.11.26"]
[SourceQuality "1"]

1. d4 d5 2. c4 c6 3. Nf3 Nf6 4. Nc3 e6 5. Bg5 h6 6. Bh4 dxc4 7. e4 g5 8. Bg3 b5
9. Be2 b4 10. Na4 Nxe4 11. Be5 Rg8 (11... f6 $5) 12. Qc2 f5 13. Bxc4 g4 14. Nd2
Nf6 15. Nc5 Nd5 16. h3 gxh3 17. gxh3 Rg6 (17... Bxc5 $5) 18. Be2 Nd7 19. Bh5
Nxe5 20. dxe5 Qg5 $2 (20... Nf4 $5) 21. Bxg6+ (21. Nxe6 $5 Qxh5 22. Qxc6+ Kf7
23. Nd8+ Ke7 24. Qxd5 Ba6 25. Qf7+ Kxd8 26. Qxf8+ Kd7 27. Qf7+ Kd8 28. Qd5+ Ke7
29. Qf3 $14) 21... Qxg6 22. O-O-O Rb8 23. Ndb3 Qg5+ 24. Kb1 Qe7 25. Rhg1 a5 26.
Rg8 Qf7 27. Rdg1 Ne7 28. R1g7 Qxg7 29. Rxg7 Bxg7 30. f4 Nd5 31. Nxa5 Rb5 32.
Nc4 Bf8 33. Nd3 b3 34. axb3 c5 35. Qg2 Rxb3 36. Qg6+ Kd8 37. Qg8 Rxd3 38. Qxf8+
Kd7 39. Qxc5 Rxh3 40. Qa7+ Kd8 41. Nd6 Bd7 42. Qb8+ Ke7 43. Nxf5+ Kf7 44. Qb7
Kg6 45. Ne7+ 1-0

[Event "CRO-ch 12th"]
[Site "Opatija"]
[Date "2012.01.24"]
[Round "8"]
[White "Jankovic, Alojzije"]
[Black "Saric, Ivan"]
[Result "1-0"]
[WhiteElo "2568"]
[BlackElo "2651"]
[Annotator "Let's Check"]
[PlyCount "61"]
[EventDate "2012.01.17"]
[EventType "tourn"]
[EventRounds "11"]
[EventCountry "CRO"]
[EventCategory "13"]
[SourceTitle "CBM 147"]
[Source "ChessBase"]
[SourceDate "2012.03.16"]
[SourceVersion "1"]
[SourceVersionDate "2012.03.16"]
[SourceQuality "1"]

1. d4 d5 2. c4 c6 3. Nf3 Nf6 4. Nc3 e6 5. Bg5 h6 6. Bh4 dxc4 7. e4 g5 8. Bg3 b5
9. Be2 Bb7 10. e5 Nh5 11. a4 b4 12. Ne4 c5 13. Nf6+ Nxf6 14. exf6 g4 15. Ne5
Qxd4 16. Bxc4 Qe4+ 17. Qe2 Bd6 $2 (17... a6 18. Qxe4 Bxe4 $11) 18. Bb5+ Kf8 19.
O-O-O $2 (19. Qxe4 Bxe4 20. O-O-O) 19... Bc7 $2 (19... Qxe2 20. Rxd6 Qxb5) 20.
Qxe4 Bxe4 21. Nc4 Nc6 22. Bxc6 Bxc6 23. Bxc7 Bxa4 24. Rd3 Kg8 25. h3 Bb5 26.
Rg3 h5 27. Ne5 Rh6 28. hxg4 Rxf6 29. Rxh5 Kg7 30. Rgh3 Rxf2 31. Rh7+ 1-0

[Event "Danzhou 3rd"]
[Site "Danzhou"]
[Date "2012.06.06"]
[Round "8"]
[White "Wang, Yue"]
[Black "Yu, Yangyi"]
[Result "0-1"]
[WhiteElo "2690"]
[BlackElo "2626"]
[Annotator "Let's Check Training"]
[PlyCount "62"]
[EventDate "2012.05.29"]
[EventType "tourn"]
[EventRounds "9"]
[EventCountry "CHN"]
[EventCategory "16"]
[SourceTitle "CBM 149"]
[Source "ChessBase"]
[SourceDate "2012.07.17"]
[SourceVersion "1"]
[SourceVersionDate "2012.07.17"]
[SourceQuality "1"]

1. d4 Nf6 2. Nf3 d5 3. c4 e6 4. Bg5 h6 5. Bxf6 Qxf6 6. e3 g6 7. Nc3 c6 8. Be2
Bg7 9. O-O O-O 10. cxd5 cxd5 11. Rc1 Qe7 12. Na4 Rd8 13. Qc2 Nc6 14. Nc5 e5 15.
dxe5 Nxe5 16. Nd4 Bg4 17. Bxg4 Nxg4 18. Ncb3 Qe5 19. g3 Qh5 20. h4 Re8 21. Qe2
g5 22. Kg2 gxh4 23. Rh1 Bf6 24. Nf3 Rad8 25. Nbd4 Re4 26. Rxh4 Bxh4 27. Nxh4
Rd6 28. Rh1 $6 (28. Rc8+ Kh7 29. Qc2 $11) 28... Rf6 $17 29. Nhf3 Qg6 30. b3 h5
31. Qb5 $4 (31. Qc2 Kg7 32. a3 $15) {[%tqu "En","","","","e4d4","",10]} 31...
Rxd4 $1 $19 0-1

[Event "ARM-ch 72nd"]
[Site "Yerevan"]
[Date "2012.01.20"]
[Round "9"]
[White "Pashikian, Arman"]
[Black "Hovhannisyan, Robert"]
[Result "1/2-1/2"]
[WhiteElo "2608"]
[BlackElo "2589"]
[Annotator "Let's Check Training"]
[PlyCount "147"]
[EventDate "2012.01.11"]
[EventType "tourn"]
[EventRounds "11"]
[EventCountry "ARM"]
[EventCategory "13"]
[SourceTitle "CBM 147"]
[Source "ChessBase"]
[SourceDate "2012.03.16"]
[SourceVersion "1"]
[SourceVersionDate "2012.03.16"]
[SourceQuality "1"]

1. d4 d5 2. c4 c6 3. Nf3 Nf6 4. Nc3 e6 5. Bg5 h6 6. Bxf6 Qxf6 7. e3 Nd7 8. Bd3
dxc4 9. Bxc4 g6 10. O-O Bg7 11. e4 e5 12. d5 Nb6 13. Bb3 Bg4 14. Re1 Bxf3 15.
Qxf3 Qxf3 16. gxf3 Ke7 17. Rac1 Rac8 18. dxc6 bxc6 19. Nd1 Rhd8 20. Rc5 Rd2 21.
Kf1 Rc7 22. Re3 Nd7 23. Ra5 h5 24. Ke1 Rd6 25. Rc3 Bh6 26. Ne3 Bxe3 27. fxe3 g5
28. Bd1 Rb7 29. Rb3 Rxb3 30. Bxb3 g4 31. Bd1 Rg6 32. fxg4 hxg4 33. Rxa7 Kd6 34.
Kf1 g3 35. h4 g2+ 36. Kg1 Rg3 37. h5 Rxe3 38. h6 Rxe4 39. h7 Rh4 40. Bc2 e4 {
[%tqu "En","","","","c2e4","",10]} 41. Bxe4 $1 Nf6 42. Bxc6 Kxc6 43. Ra6+ Kd5
44. Rxf6 Rxh7 45. Kxg2 Ke5 46. Rb6 f5 47. Rb4 Rd7 48. a4 Rd1 49. Kf3 Rf1+ 50.
Ke2 Rh1 51. Rb8 Ra1 52. b3 Kd4 53. Rb4+ Kc3 54. Rb5 f4 55. Kf3 Rf1+ 56. Ke4 Kd2
57. Rd5+ Kc2 58. Rd3 Re1+ 59. Kd4 Rf1 60. Rc3+ Kd2 61. b4 f3 62. a5 f2 63. Rf3
Ke2 64. Re3+ Kd2 65. a6 Rb1 66. Rf3 Ke2 67. Rxf2+ Kxf2 68. Kc5 Ke3 69. b5 Ra1
70. Kb6 Kd4 71. a7 Kc4 72. Kb7 Kxb5 73. a8=Q Rxa8 74. Kxa8 1/2-1/2

[Event "Hamburg-ch int"]
[Site "Hamburg"]
[Date "1998.05.29"]
[Round "1"]
[White "Buhr, Carl Christian"]
[Black "Lukacs, Peter"]
[Result "0-1"]
[WhiteElo "2325"]
[BlackElo "2515"]
[Annotator "Lukacs,P"]
[PlyCount "100"]
[EventDate "1998.05.29"]
[EventType "swiss"]
[EventRounds "9"]
[EventCountry "GER"]
[SourceTitle "CBM 064 Extra"]
[Source "ChessBase"]
[SourceDate "1998.07.07"]
[SourceVersion "1"]
[SourceVersionDate "1998.07.07"]
[SourceQuality "1"]

1. d4 Nf6 2. c4 e6 3. Nf3 d5 4. Nc3 c6 5. Qb3 {This continuation is not that
popular these days, because it brings the Q too early into play. Karpov,
Korchnoi and Portisch were the few adherents, who tried to achieve something
here.} dxc4 ({The alternatives} 5... Be7 {and}) (5... Nbd7 {keep the centre
closed}) 6. Qxc4 b5 7. Qd3 (7. Qb3 {is another possibility here.}) 7... Nbd7 8.
g3 {This is a cautious move, giving away the chances for an advantage.} (8. e4
{is more straightforward.}) 8... b4 $6 {This is a bit risky.} ({During the
game I didn't want to go for} 8... Bb7 $142 9. Bg2 a6 10. Bg5 (10. O-O c5)
10... c5 11. dxc5 (11. O-O cxd4 12. Qxd4 Bc5) 11... Bxc5 (11... Nxc5) 12. O-O
h6 13. Bxf6 Nxf6 14. Ne5 (14. Qxd8+ Rxd8 15. Rac1 O-O) 14... Bxg2 15. Kxg2 O-O
$11 {Bellon-Chekhov, Barcelona 1987, and Black has no real chances to play for
a win.}) 9. Ne4 Qa5 {/\ Ba6 was the main idea of Black.} 10. Nfd2 $6 {This
move is unnatural.} ({White has to finish development by playing} 10. Bg2 $1
Ba6 11. Nxf6+ $1 (11. Qc2 Nxe4 (11... b3+ 12. Bd2 $1) 12. Qxe4 Bb7 (12... Rc8
13. O-O Nf6 $11) 13. O-O Nf6 $11) 11... Nxf6 (11... gxf6 12. Qc2 $1 Rc8 (12...
b3+ 13. Bd2 $1) 13. O-O c5 14. d5 $1 exd5 15. Nh4 {with more than enough
compensation for the sacrificed P due to the K in the centre and the weakened
P stucture.}) 12. Qc2 $5 {That was the move I was afraid of during the game.
White is not afraid of b4-b3+} (12. Qd1 $6 Rc8 13. O-O Be7 14. Ne5 Qb5 15. a4
bxa3 16. bxa3 Nd5 17. e4 Nc3 18. Qd2 Ne2+ 19. Kh1 O-O 20. Re1 Nxc1 21. Raxc1
Qa4 $11 {I.Sokolov-Piket, Wijk aan Zee 1991}) 12... b3+ 13. Bd2 bxc2 (13... Qb5
$2 14. Qd1 $16) 14. Bxa5 Rb8 (14... Nd5 15. Rc1) 15. Ne5 Nd5 {This is the
critical position with unclear consequences.}) 10... Ba6 11. Nb3 Qb6 (11...
Bxd3 $2 12. Nxf6+ Nxf6 13. Nxa5 Bb5 14. Bg2 $16) 12. Nxf6+ gxf6 $1 {Black has
to keep control over the vital squares e5 and c5.} (12... Nxf6 13. Qc2 Bb7 14.
Bg2 Rc8 15. Nc5 $16 {and the B on b7 is dead.}) 13. Qf3 $6 {This is not a
natural place for the Q.} ({More to the point was} 13. Qc2 c5 14. d5 $5 (14.
Bg2 Bb7) 14... c4 $1 15. dxe6 fxe6 $13) 13... Rc8 {/\ c6-c5} (13... Bb7 $6 14.
Bg2 $14 {and the B on b7 is pinned.}) 14. Be3 $2 (14. Bg2 Qb5 $5 {fighting
against 0-0 and threatening c6-c5.}) 14... Bc4 $1 $17 {d4-d5 is not a real
threat!} 15. Qh5 (15. d5 Bxd5 $19) 15... Bd5 16. Rg1 Qa6 $1 {/\ Bxb3} 17. Nd2
b3 18. a3 (18. Bf4 $2 {/\ e4 is met by the flushy} Qxa2 $1 19. Rxa2 bxa2 20.
Nb3 Bxb3 21. Qa5 Bb4+ $19) 18... Qb7 19. Bg2 (19. Bf4 f5) 19... Bxg2 20. Rxg2
c5 21. Qf3 $1 Qxf3 22. Nxf3 c4 $1 23. Bd2 Nb6 24. Bc3 Na4 25. Kd2 $2 ({The
last chance to defend was} 25. Rc1 Bxa3 26. bxa3 b2 27. Bxb2 Nxb2 $17) 25...
Be7 26. Rgg1 Kd7 $1 $19 {In the _|_ the K belongs to the centre, /\ Kc6-d5} 27.
Rgc1 Bd8 28. Kd1 Nxc3+ 29. Rxc3 Ba5 30. Re3 (30. Rcc1 c3 $19) (30. Rac1 Bxc3
31. Rxc3 Kd6 $19) 30... Kc6 $1 (30... c3 31. bxc3 Bxc3 32. Rb1) 31. Re4 Kd5 32.
Rf4 f5 33. Nd2 Bc7 34. Rh4 Bd8 35. Rh5 (35. Rf4 Bg5) 35... Kxd4 36. e3+ Kd3 37.
Nf3 Bf6 $2 (37... c3 $1 {was a nice possibility to win immediately. This would
be the logical end of the game.} 38. Ne5+ (38. bxc3 Bf6) 38... Ke4 39. Nxf7
cxb2 $1 {This dangerous o^ is worth of a R!} 40. Rb1 Rc2 41. Nxh8 Kd3 $1 (41...
Ba5 42. Rh4+) 42. Nf7 Rd2+ 43. Ke1 Ba5 $19) 38. Rb1 Rb8 39. Ne1+ Ke4 40. Ke2
Kd5 $1 (40... c3 41. f3+ Kd5 42. bxc3 Bxc3 43. Nd3) 41. g4 Kd6 42. gxf5 Rb5 $1
(42... Bxb2 $2 {This was my first idea in time trouble, but I had to realiye
soon that after} 43. Rxb2 c3 44. Rb1 c2 45. Nxc2 $1 bxc2 46. Rc1 $11) 43. e4
Re5 (43... exf5 $2 44. f4 $1) 44. Ng2 Rxe4+ 45. Kf3 (45. Ne3 Re5 $1) 45... Re5
46. Ne3 Rc5 47. Rd1+ Ke7 48. Rd2 Rb8 $1 49. Nd1 Rd5 50. Ke2 c3 0-1